| 000 | 00534nam a2200145 a 4500 | ||
|---|---|---|---|
| 005 | 20140414131911.0 | ||
| 008 | 101012s19uu xx 00 eng d | ||
| 050 |
_aER _bWh555 2006 |
||
| 100 | _aDodd, Emma | ||
| 245 |
_aWhat pet to get? / _cEmma Dodd. |
||
| 250 | _a1st American ed. | ||
| 260 |
_aNew York : _bScholastic , _c2006. |
||
| 520 | _aJack's mother agrees that he may have a pet, but when he suggests everything from an elephant to a tyrannosaurus res, she must explain why each would be less than ideal. | ||
| 999 |
_c111219 _d111219 |
||